New economics of labor migration and classical approaches

Migrácia, klasický prístup. Nové ekonomiky a migrácia za prácou. Teórie medzinárodnej migrácie.

Saved in:
Bibliographic Details
Main Author: Grešš, Martin, 1978-
Format: Book Chapter
Language:English
Subjects:
Tags: Add Tag
No Tags, Be the first to tag this record!

MARC

LEADER 00000nla$a2200000$$$4500
001 0142395
005 20240502072542.8
041 0 |a eng 
044 |a SK 
245 1 0 |a New economics of labor migration and classical approaches  |c Martin Grešš 
520 |a Migrácia, klasický prístup. Nové ekonomiky a migrácia za prácou. Teórie medzinárodnej migrácie. 
610 2 0 |a migrácia 
610 2 0 |a práca 
610 2 0 |a vzťahy medzinárodné 
610 2 0 |a modely 
100 1 |a Grešš, Martin, 1978-